000 00327nam a2200133Ia 4500
005 20260328104247.0
008 260328s9999||||xx |||||||||||||| ||und||
100 _aMcCallum, Ian
245 0 _aMorden Building in London /
_cIan McCallum
260 _bArchitectural Press
300 _a120 p.
650 _aTEORÍA
942 _cBK
999 _c10127
_d10127